Christian Denomination History - Statistics

General Stats
  • This quiz has been taken 51 times
  • The average score is 13 of 23
Answer Stats
Hint Answer % Correct
Separation between the Orthodox and Catholic Church Great Schism
93%
Monk who started the successful Protestant reformation Martin Luther
90%
What is the belief in another middle ground between Heaven and Hell Purgatory
83%
What he nailed to the Wittenberg Cathedral door 95 Theses
79%
French reformer who started a parallel reformation John Calvin
79%
What "Catholic" means Universal
79%
What the Catholic church was doing that caused him to protest (mainly) Selling indulgences
76%
What do Protestants generally see the veneration of Mary as Idolatry
71%
How many books in the Protestant Bible 66
60%
How many books in the Catholic Bible 73
60%
Who started the Methodist denomination John Wesley
60%
What is the belief that the bread and wine turn into the body of Christ Transubstantiation
60%
What belief separates Presbyterianism from most Protestants Predestination
55%
Swiss reformer who publicly ate a sausage on lent Ulrich Zwingli
55%
Minor reformation started in Bohemia 1434 Hussites
50%
What are the extra books called Deuterocanonical Books
48%
What denomination this became in Scotland Presbyterianism
45%
Which denomination keeps Jewish tradition but believes in Jesus Messianic Judaism
43%
What his 5 points are abbreviated to TULIP
43%
What words added to the Nicene Creed caused the next question And the Son
40%
What type of literature summarises a church's doctrine Catechism
17%
Council where the filioque was added to the Nicene Creed Council of Toledo
17%
Who started the Baptist church Roger Williams
7%
No matching quizzes found
Score Distribution
Percent of People with Each Score
Percentile by Number Answered
Your Score History
You have not taken this quiz